[Event "Florianopolis op 10th"]
[Site "Florianopolis"]
[Date "2024.01.25"]
[Round "7"]
[White "Grams, Leon Honke"]
[Black "Cezar, Ricardo de Almeida"]
[Result "0-1"]
[WhiteElo "1513"]
[BlackElo "1809"]
[PlyCount "76"]
[EventDate "2024.01.20"]
[EventType "swiss"]
[EventRounds "10"]
[EventCountry "BRA"]
[SourceTitle "CB05_2024"]
[SourceDate "2024.01.31"]
[SourceVersion "1"]
[SourceVersionDate "2024.01.31"]
[SourceQuality "1"]

1. d4 d5 2. c4 c6 3. Nc3 Nf6 4. Nf3 e6 5. a3 dxc4 6. e4 b5 7. Be2 Nbd7 8. Qc2 Bb7 9. Bg5 h6 10. Bh4 Qb6 11. b3 cxb3 12. Qxb3 a6 13. 0-0 g5 14. Bg3 Be7 15. Rad1 0-0 16. Ne5 Rad8 17. h4 c5 18. d5 c4 19. Qb2 exd5 20. exd5 Bd6 21. hxg5 hxg5 22. Qd2 Nh7 23. Nxc4 bxc4 24. Rb1 Qc7 25. Bxd6 Qxd6 26. Rxb7 Ne5 27. Qd4 Rb8 28. Ne4 Qd8 29. Rxb8 Qxb8 30. Bxc4 Nxc4 31. Qxc4 Qe5 32. d6 Rd8 33. Qc7 Rf8 34. Nc5 Nf6 35. Nd7 Nxd7 36. Qxd7 Kg7 37. Rd1 Rh8 38. g3 Qe4 0-1

[Event "Florianopolis op 9th"]
[Site "Florianopolis"]
[Date "2023.01.29"]
[Round "10"]
[White "Duailibe, Ricardo Miguel"]
[Black "Grams, Leon Honke"]
[Result "1-0"]
[WhiteElo "1885"]
[BlackElo "1361"]
[PlyCount "67"]
[EventDate "2023.01.23"]
[EventType "swiss"]
[EventRounds "10"]
[EventCountry "BRA"]
[SourceTitle "CBM 212 Extra"]
[Source "ChessBase"]
[SourceDate "2023.03.31"]
[SourceVersion "1"]
[SourceVersionDate "2023.03.31"]
[SourceQuality "1"]

1. e4 c5 2. d4 cxd4 3. c3 dxc3 4. Nxc3 g6 5. Bc4 Bg7 6. Nf3 e6 7. Bf4 a6 8. 0-0 Ne7 9. Qd2 0-0 10. Bh6 Nbc6 11. Bxg7 Kxg7 12. Rab1 Qc7 13. Rfe1 Rd8 14. e5 Nf5 15. g4 Nfe7 16. Qf4 Ng8 17. Bf1 Nce7 18. Ng5 Rf8 19. Nce4 b5 20. Nd6 Bb7 21. Nxb7 Qxb7 22. Bg2 Nc6 23. Ne4 Rad8 24. Re3 f6 25. Nc5 Qc8 26. exf6+ Nxf6 27. Rh3 Nh5 28. Qg5 h6 29. Qd2 Nf4 30. Rc3 b4 31. Rc4 Nxg2 32. Kxg2 d5 33. Rcc1 e5 34. Qe2 1-0

[Event "Florianopolis op 9th"]
[Site "Florianopolis"]
[Date "2023.01.26"]
[Round "6"]
[White "Motta, Agahta dos Santos"]
[Black "Grams, Leon Honke"]
[Result "1/2-1/2"]
[WhiteElo "1704"]
[BlackElo "1361"]
[PlyCount "57"]
[EventDate "2023.01.23"]
[EventType "swiss"]
[EventRounds "10"]
[EventCountry "BRA"]
[SourceTitle "CBM 212 Extra"]
[Source "ChessBase"]
[SourceDate "2023.03.31"]
[SourceVersion "1"]
[SourceVersionDate "2023.03.31"]
[SourceQuality "1"]

1. d4 d5 2. c4 c6 3. Nc3 Nf6 4. cxd5 cxd5 5. Nf3 Nc6 6. g3 g6 7. Bg2 Bg7 8. 0-0 0-0 9. Bf4 Nh5 10. Be3 f5 11. Ne1 e6 12. Nc2 a6 13. Qd2 Qd6 14. h3 f4 15. Bxf4 Nxf4 16. gxf4 Rxf4 17. e3 Rf7 18. Ne2 Bf6 19. f4 b5 20. Rac1 Bb7 21. Kh1 e5 22. Rg1 Ne7 23. Bf3 Nf5 24. Ne1 b4 25. Nd3 Bg7 26. Nxe5 Bxe5 27. dxe5 Qd7 28. Kh2 Rd8 29. Nd4 1/2-1/2

[Event "Florianopolis op 9th"]
[Site "Florianopolis"]
[Date "2023.01.24"]
[Round "2"]
[White "Godinho, Bruno Cesar Ferreir"]
[Black "Grams, Leon Honke"]
[Result "1-0"]
[WhiteElo "1819"]
[BlackElo "1361"]
[PlyCount "57"]
[EventDate "2023.01.23"]
[EventType "swiss"]
[EventRounds "10"]
[EventCountry "BRA"]
[SourceTitle "CBM 212 Extra"]
[Source "ChessBase"]
[SourceDate "2023.03.31"]
[SourceVersion "1"]
[SourceVersionDate "2023.03.31"]
[SourceQuality "1"]

1. e4 c5 2. Nf3 d6 3. d4 cxd4 4. Nxd4 Nf6 5. Nc3 a6 6. Bg5 e6 7. f4 Be7 8. Qf3 Qc7 9. 0-0-0 b5 10. e5 Bb7 11. Qg3 dxe5 12. fxe5 Ne4 13. Nxe4 Bxe4 14. Bxe7 Qxe7 15. Qxg7 Qf8 16. Qf6 Nd7 17. Qh4 Bd5 18. Bxb5 Qc5 19. Bxd7+ Kxd7 20. Qf4 Rhf8 21. Nb3 Qc7 22. Rd3 f6 23. Kb1 fxe5 24. Qa4+ Qc6 25. Qh4 Rf7 26. c4 Rc8 27. Rc1 Qa4 28. Qh5 Ke7 29. cxd5 1-0

[Event "Florianopolis op 9th"]
[Site "Florianopolis"]
[Date "2023.01.23"]
[Round "1"]
[White "Grams, Leon Honke"]
[Black "Da Silva, Luiz Matheus"]
[Result "0-1"]
[WhiteElo "1361"]
[BlackElo "1986"]
[PlyCount "60"]
[EventDate "2023.01.23"]
[EventType "swiss"]
[EventRounds "10"]
[EventCountry "BRA"]
[SourceTitle "CBM 212 Extra"]
[Source "ChessBase"]
[SourceDate "2023.03.31"]
[SourceVersion "1"]
[SourceVersionDate "2023.03.31"]
[SourceQuality "1"]

1. d4 Nf6 2. c4 e6 3. Nc3 Bb4 4. Qc2 c5 5. e3 0-0 6. Nf3 Re8 7. a3 Bxc3+ 8. bxc3 Nc6 9. Be2 d5 10. 0-0 h6 11. Rd1 Qa5 12. Bd3 dxc4 13. Bxc4 b5 14. Be2 Nd5 15. Bd2 c4 16. e4 Nb6 17. Be3 Na4 18. Rdc1 Ne7 19. d5 exd5 20. exd5 Bf5 21. Qd2 Be4 22. d6 Nd5 23. Bd4 Rad8 24. Ne5 Rxd6 25. Bxc4 Bxg2 26. Bxb5 Qxb5 27. Kxg2 Ndxc3 28. Re1 Qd5+ 29. Nf3 Rxe1 30. Rxe1 Rg6+ 0-1